| 000 | 02248cam a2200445 4500 | ||
|---|---|---|---|
| 003 | PE-LiUPU | ||
| 005 | 20250731173129.0 | ||
| 020 | _a082542612X | ||
| 035 | _a(Sirsi) i9780825426124 | ||
| 035 | _a(Sirsi) 27181 | ||
| 035 | _a(Sirsi) 27181 | ||
| 041 | _aen | ||
| 044 | _aus | ||
| 082 | 0 | 4 |
_a220.52 _bW91 |
| 245 |
_aWhich Bible? / _cDavid Otis Fuller ed. |
||
| 264 | 1 |
_aGrand Rapids, Michigan : _bGrand Rapids International Publications, _c1984 |
|
| 300 |
_a350 páginas ; _c20 cm. |
||
| 504 | _aIncluye bibliografía | ||
| 505 | 0 | _aWhy this books?. The learned men. The greek text of the King James Version. The incomparable Wilson: the man who mastered. Is the higher criticism scholarly?. The magnificent burgo, doughty champion and defender of the byzantine text. The principle and tendency of the revision examined. The Bible and modern criticism. In defense of the textus receptus. The codex vaticanus and its allies. A critical examination of the westcott-hort textual theory -- About the author of "our authorized Bible vindicated": Our authorized Bible vindicated. Fundamentally, only two different Bibles. The Bible adopted by constantine and the pure Bible of the waldenses. The reformers reject the Bible of the papacy. The jesuits and the jesuit Bible of 1582. The King James Bible born amid the great struggles over the Jesuit version. Three hundred years of attack upon the King James Bible. Westcott and Hort. Revision at last!. The rising tide of modernism and modern Bibles. | |
| 521 | _aProfesores y alumnos de posgrado | ||
| 526 | _aSEG42 | ||
| 526 | _aSEG41 | ||
| 526 | _aSEG40 | ||
| 526 | _aSEG39 | ||
| 526 | _aP94 | ||
| 526 | _aP87 | ||
| 526 | _aP86 | ||
| 526 | _aP85 | ||
| 526 | _aP77 | ||
| 526 | _aP76 | ||
| 526 | _aP35 | ||
| 650 | 1 | 4 |
_aVersiones de la Biblia _xInglés |
| 700 | 1 |
_aOtis Fuller, David _eed. |
|
| 942 |
_2ddc _cBOOK |
||
| 949 |
_a220.52 W91 _i51524 _lPOSTGRADO _mBUL _tLIBRO _o.STAFF. Posgrado |
||
| 910 |
_aaj _bgl _cop _d20030708 |
||
| 596 | _a1 | ||
| 999 |
_a220.52 W91 _wDEWEY _c33248 _i51524 _f2021-11-9 _g5 _lCCODEBUL1 _mBUL _p12.00 _r0 _sY _tBOOK _u2015-6-24 _xTEOLOGIA _PP35 _0COMPRA _o.STAFF. Colección General _d33248 |
||
| 980 |
_81 _gALBERTO SANCHEZ Responsable de Automatización |
||